| 000 | 01013nam a22002657a 4500 | ||
|---|---|---|---|
| 005 | 20221117104038.0 | ||
| 008 | 221117b mx ||||| |||| 00| 0 spa d | ||
| 020 | _a9682320658 | ||
| 050 | 0 | 4 |
_aHN90.P8 _bT73 1997 |
| 100 | 1 | _aTraugott, Michael W., | |
| 240 | 1 | 4 |
_aThe voters’s guide to election polls. _lespañol |
| 245 |
_aEncuestas _bGuía para electores _c / por Michael W. Traugott y Paul J. Lavrakas ; traducción de Lucila Christen de Remond ; revisada por Alejandro Moreno |
||
| 250 | _a1a ed. | ||
| 260 |
_aMéxico : _bSiglo XXI, _c1997. |
||
| 300 |
_a238 p. ; _c21 cm. |
||
| 490 | 0 | _aSociología y política | |
| 504 | _aIncluye apéndice, bibliografía e índice | ||
| 650 | 7 |
_2lemb _aOpinión pública _zEstados Unidos |
|
| 650 | 7 |
_2lemb _aEncuestas de la opinión pública |
|
| 650 | 7 |
_2lemb _aPolítica y prensa _zEstados Unidos |
|
| 700 | 1 |
_aLavrakas, Paul J., _eautor |
|
| 700 | 1 |
_aChristen de Remond, Lucila, _etraductor |
|
| 700 | 1 |
_aMoreno, Alejandro, _erevisor |
|
| 942 |
_2lcc _cLIB |
||
| 999 |
_c165414 _d165412 |
||